| 000 | 01938cam a22005174i 4500 | ||
|---|---|---|---|
| 003 | PE-LiUPU | ||
| 005 | 20250731180125.0 | ||
| 008 | 150623s r 000 0 d | ||
| 020 | _a8472881792 | ||
| 035 | _a(Sirsi) i9788472881792 | ||
| 040 |
_aPE-LiUPU _bspa _cPE-LiUPU _erda |
||
| 049 | _aPRUA | ||
| 082 | 0 | 4 |
_a519.54 _bR94 _221 |
| 100 | 1 |
_aRuíz-Maya Pérez, Luis, _eautor. |
|
| 245 | 1 | 0 |
_aFundamentos de inferencia estadística / _cLuis Ruíz-Maya Pérez. |
| 264 | 1 |
_aMadrid, España : _bEditorial AC, _c2000. |
|
| 300 |
_a352 p : _bilustraciones diagrámas, gráficos ; _c24 centímetros |
||
| 336 |
_atext _2rdacontent |
||
| 337 |
_aunmediated _2rdamedia |
||
| 338 |
_avolume _2rdacarrier |
||
| 504 | _aIncluye bibliografía. | ||
| 505 | 0 | _aMuestreo: estadísticos y sus distribuciones. Suficiencia e información. Estimación puntual: propiedades de los estimadores. Métodos de estimación. Estimación por intervalos. Contrastación de hipótesis. Contrastes de significación. Contrastes paramétricos. Contrastes no parmétricos. Introducción a la teoría de la decisión e inferencia bayesiana. | |
| 526 | _aSEG44 | ||
| 526 | _aSEG26 | ||
| 526 | _aP159 | ||
| 526 | _aP155 | ||
| 526 | _aP154 | ||
| 526 | _aP153 | ||
| 526 | _aP150 | ||
| 526 | _aP100 | ||
| 526 | _aP31 | ||
| 526 | _aP30 | ||
| 526 | _aP26 | ||
| 526 | _aP25 | ||
| 526 | _aP24 | ||
| 526 | _aP22 | ||
| 526 | _aP15 | ||
| 526 | _aP10 | ||
| 650 | 0 | 4 | _aInferencias estadísticas. |
| 942 |
_2ddc _cBOOK |
||
| 949 |
_a519.54 R94 _wDEWEY _c1 _i53511 _lCCODEBUL1 _mBUL _p33.00 _r0 _sY _tBOOK _u2015-6-24 _xTEOLOGIA _PP35 _0COMPRA _o.STAFF. Colección General |
||
| 994 |
_aC0 _bPEPRU |
||
| 596 | _a1 | ||
| 999 |
_a519.54 R94 _wDEWEY _c35516 _i53511 _f2021-11-5 _g5 _lCCODEBUL1 _mBUL _p33.00 _r0 _sY _tBOOK _u2015-6-24 _xBIBLIOTECA _PP35 _0COMPRA _o.STAFF. Colección General _d35516 |
||
| 980 |
_81 _gALBERTO SANCHEZ Responsable de Automatización |
||